Ajuste estructural y Tratado de Libre Comercio: el papel de México en América Latina /
Αποθηκεύτηκε σε:
| Μορφή: | Κείμενο |
|---|---|
| Γλώσσα: | Spanish |
| Θέματα: | |
| Ετικέτες: |
Προσθήκη ετικέτας
Δεν υπάρχουν, Καταχωρήστε ετικέτα πρώτοι!
|
MARC
| LEADER | 00000 a a2200000 04500 | ||
|---|---|---|---|
| 001 | 246 | ||
| 003 | cru CIDCACS/IIS | ||
| 005 | 20190923103944.0 | ||
| 008 | 190923b ||||| |||| 00| 0 spa d | ||
| 999 | |c 33916 |d 33916 | ||
| 040 | |c cru CIDCACS/IIS | ||
| 245 | |a Ajuste estructural y Tratado de Libre Comercio: |b el papel de México en América Latina / |c GEOS | ||
| 650 | |a AJUSTE ESTRUCTURAL | ||
| 650 | |a DEUDA EXTERNA | ||
| 650 | |a COMERCIO | ||
| 650 | |a MOVIMIENTOS SOCIALES | ||
| 650 | |a TLC | ||
| 650 | |a NEOLIBERALISMO | ||
| 650 | |a SISTEMAS ECONOMICOS | ||
| 650 | |a AMERICA LATINA | ||
| 773 | |g número 13; páginas 41-45 | ||
| 942 | |2 ddc |c PP | ||
| 773 | 0 | |0 41952 |9 3394 |d Madrid: Solidaridad para el desarrollo y la paz, SODEPAZ-SODEPAU; Asociación Andaluza por la solidaridad y la paz 1990- |o 02742 |t Africa América Latina: |x 11302569 | |
